Catálogo
 En Linea

Regime des privileges et immunites des missions diplomatiques etrangeres et des organisations internationales en Suisse. (Registro nro. 1252)

Detalles MARC
000 -CABECERA
campo de control de longitud fija 00554cam a22001571 4500
001 - NÚMERO DE CONTROL
campo de control 000001316
005 - FECHA Y HORA DE LA ÚLTIMA TRANSACCIÓN
campo de control 20200929145535.0
008 - DATOS DE LONGITUD FIJA--INFORMACIÓN GENERAL
campo de control de longitud fija 870523s1949 sz b 000 0 fre
040 ## - FUENTE DE LA CATALOGACIÓN
Centro catalogador/agencia de origen DO-SdBNP
Lengua de catalogación spa
Centro/agencia transcriptor BNPHU
100 1# - ENTRADA PRINCIPAL--NOMBRE DE PERSONA
Nombre de persona Perrenoud, Georges.
9 (RLIN) 4453
245 10 - MENCIÓN DE TÍTULO
Título Regime des privileges et immunites des missions diplomatiques etrangeres et des organisations internationales en Suisse.
260 ## - PUBLICACIÓN, DISTRIBUCIÓN, ETC.
Lugar de publicación, distribución, etc. Lausanne, :
Nombre del editor, distribuidor, etc. F. Rouge,
Fecha de publicación, distribución, etc. 1949.
300 ## - DESCRIPCIÓN FÍSICA
Extensión 253 p. ;
Dimensiones 23 cm.
504 ## - NOTA DE BIBLIOGRAFÍA, ETC.
Nota de bibliografía, etc. Bibliography: p. 245-248.
650 #0 - PUNTO DE ACCESO ADICIONAL DE MATERIA--TÉRMINO DE MATERIA
Término de materia o nombre geográfico como elemento de entrada Diplomatic privileges and immunities.
9 (RLIN) 4454
Existencias
Estado de retiro Estado de pérdida Restricciones de uso No para préstamo Código de colección Localización permanente Ubicación/localización actual Ubicación en estantería Fecha de adquisición Número de inventario Total de préstamos Signatura topográfica completa Código de barras Fecha visto por última vez Precio válido a partir de Tipo de ítem Koha
    Préstamo interno   Monografías: Libros y Folletos General General Depósito 22.09.2009 LF1   1316-10 25.06.2020 25.06.2020 Préstamo interno

Con tecnología Koha